000 00725nam a22002297a 4500
003 UA-OsUOA
001 41156
007 ta
008 20060918b un ||||| |||| 00| 0 ukr d
100 _aНовіков В.
700 _aЛевін П.
090 _a94(477)
_bН-11
942 _cSA
040 _aUA-OsUOA
_bukr
_cUA-OsUOA
_dUA-OsUOA
245 _aФінансово-кредитні та інституціональні аспекти розвитку професійної освіти на постболонському просторі
300 _aС.64-74
955 _a0
041 _aukr
080 _a94(477)
773 0 _w41154
650 7 _a9 Географія. Біографії. Історія
_2UDC
999 _c327295
_d327295